[Event "6. ODEM U25 2009"]
[Site "Willingen GER"]
[Date "2009.05.31"]
[Round "2"]
[White "Durmisi, Valon"]
[Black "Brühan, Caren"]
[Result "1-0"]
[Termination "normal"]
[Board "37"]
[WhiteElo "1619"]
[BlackElo "1265"]
[PlyCount "79"]
[BlackFideId "24691976"]
[EventCountry "GER"]
[EventRounds "9"]
[EventType "swiss"]
[EventDate "2009.05.30"]

1. e4 c5 2. c3 Nc6 3. d4 cxd4 4. cxd4 g6 5. f4 Nf6 6. Nc3 d6 7. Nf3 Bg7 8. d5
Nb8 9. Qc2 O-O 10. Be2 Nbd7 11. Bd2 b6 12. e5 dxe5 13. fxe5 Ng4 14. e6 fxe6 15.
Ng5 Ndf6 16. h3 Nh6 17. dxe6 Qd4 18. Nf3 Qd6 19. O-O-O Qxe6 20. Rhe1 Bb7 21.
Nd4 Qc8 22. g4 Ne4 23. Nxe4 Qxc2+ 24. Nxc2 Rac8 25. Nc3 Rf2 26. h4 Nf7 27. Rf1
Rg2 28. h5 Bxc3 29. Bxc3 Rxe2 30. hxg6 hxg6 31. Rd7 Be4 32. Nd4 Bg2 33. Rxf7
Re1+ 34. Kd2 Kxf7 35. Kxe1 Bh3 36. Rxa7 Bxg4 37. Rb7 Be6 38. Nxe6 Kxe6 39.
Rxb6+ Kf7 40. a4 1-0

[Event "6. ODEM U25 2009"]
[Site "Willingen GER"]
[Date "2009.05.31"]
[Round "2"]
[White "Neumair, Dorian"]
[Black "Jorczik, Andreas"]
[Result "0-1"]
[Termination "normal"]
[Board "38"]
[WhiteElo "1340"]
[BlackElo "1792"]
[PlyCount "86"]
[BlackFideId "24634921"]
[EventCountry "GER"]
[EventRounds "9"]
[EventType "swiss"]
[EventDate "2009.05.30"]

1. e4 c5 2. c4 Nc6 3. Nc3 d6 4. g3 g6 5. Bg2 Bg7 6. Nge2 e6 7. d3 Nge7 8. O-O
O-O 9. a3 f5 10. f4 a6 11. Rb1 Qa5 12. Bd2 Rb8 13. Na4 Qd8 14. b4 b5 15. Nac3
bxc4 16. dxc4 cxb4 17. axb4 Nxb4 18. Na2 Nbc6 19. Rxb8 Nxb8 20. Nb4 Nbc6 21.
Qa4 Qb6+ 22. Kh1 a5 23. Nxc6 Qxc6 24. Qxc6 Nxc6 25. exf5 Nb4 26. fxe6 Bxe6 27.
Bxb4 axb4 28. Bd5 Bxd5+ 29. cxd5 b3 30. Rb1 b2 31. Kg1 Ra8 32. Nc1 Ra1 33. Rxb2
Bxb2 34. Kg2 Rxc1 35. Kh3 Rd1 36. Kh4 Rxd5 37. g4 Bc1 38. f5 gxf5 39. g5 f4 40.
Kh5 f3 41. h4 f2 42. Kh6 f1=Q 43. h5 Bxg5# 0-1

[Event "6. ODEM U25 2009"]
[Site "Willingen GER"]
[Date "2009.05.31"]
[Round "2"]
[White "Bangert, Benjamin"]
[Black "Laqua, Stefan"]
[Result "0-1"]
[Termination "normal"]
[Board "40"]
[WhiteElo "1330"]
[BlackElo "1744"]
[PlyCount "142"]
[WhiteFideId "24692654"]
[BlackFideId "4674634"]
[EventCountry "GER"]
[EventRounds "9"]
[EventType "swiss"]
[EventDate "2009.05.30"]

1. c4 c5 2. g3 Nf6 3. Bg2 e6 4. Nc3 a6 5. e3 d6 6. Nge2 Nbd7 7. O-O Be7 8. d4
cxd4 9. exd4 O-O 10. b4 Rb8 11. a4 b6 12. Be3 Bb7 13. Qc2 Bxg2 14. Kxg2 Qc7 15.
Qd3 Rfc8 16. c5 Qb7+ 17. Kg1 bxc5 18. bxc5 dxc5 19. Bf4 c4 20. Qd2 Ra8 21. Rfd1
Nb6 22. Rab1 Qc6 23. a5 Nbd5 24. Nxd5 Nxd5 25. Rdc1 Ra7 26. Be5 f6 27. Bf4 Rb7
28. Qd1 Rxb1 29. Rxb1 Bb4 30. Ra1 c3 31. Bc1 Qb5 32. Nf4 Nxf4 33. Bxf4 Bxa5 34.
Qa4 Bc7 35. Qa2 Kf7 36. Re1 Qc6 37. Bc1 Rd8 38. Be3 a5 39. f4 Qd5 40. Qc2 Bb6
41. Rd1 Qc4 42. Rd3 Bxd4 43. Bxd4 Rxd4 44. Rxc3 Qb5 45. Rb3 Qd7 46. Qc3 Rd1+
47. Kg2 Rd2+ 48. Kh3 Rd5 49. Qf3 e5+ 50. Kg2 Rd2+ 51. Kf1 Rd1+ 52. Kg2 Qd5 53.
Qxd5+ Rxd5 54. Ra3 exf4 55. gxf4 Ke6 56. Kf2 Kd6 57. Rg3 g6 58. Ra3 Kc6 59.
Rc3+ Rc5 60. Re3 Kb6 61. Re7 h5 62. Rf7 Rf5 63. Ke3 a4 64. Rg7 a3 65. Rxg6 a2
66. Rg1 Rb5 67. Ra1 Rb2 68. h4 f5 69. Kd4 Re2 70. Kc3 Kc5 71. Rd1 Rh2 0-1

[Event "6. ODEM U25 2009"]
[Site "Willingen GER"]
[Date "2009.05.31"]
[Round "2"]
[White "Bachem, Sabrina"]
[Black "Weber, Yannik"]
[Result "1-0"]
[Termination "normal"]
[Board "41"]
[WhiteElo "1599"]
[BlackElo "1236"]
[PlyCount "67"]
[BlackFideId "24692700"]
[EventCountry "GER"]
[EventRounds "9"]
[EventType "swiss"]
[EventDate "2009.05.30"]

1. e4 e5 2. Nf3 Nc6 3. d4 exd4 4. Nxd4 Bc5 5. Be3 Qf6 6. c3 Nge7 7. Qd3 O-O 8.
Nb5 Ne5 9. Qe2 Qb6 10. Bxc5 Qxc5 11. Nd2 a6 12. Nd4 b5 13. g3 N7c6 14. f4 Nc4
15. N2b3 Nxd4 16. Nxd4 Re8 17. Bg2 d5 18. e5 f6 19. e6 Qd6 20. f5 c5 21. Nb3 a5
22. O-O-O a4 23. Bxd5 axb3 24. Bxc4 bxc4 25. Rxd6 bxa2 26. Kc2 a1=Q 27. Rxa1
Rxa1 28. Qxc4 Bb7 29. e7+ Kh8 30. Rd8 Ra8 31. Rxe8+ Rxe8 32. Qf7 Be4+ 33. Kc1
Bc6 34. Qf8+ 1-0

[Event "6. ODEM U25 2009"]
[Site "Willingen GER"]
[Date "2009.05.31"]
[Round "2"]
[White "Schreiber, Justina"]
[Black "Rummer, Martin"]
[Result "0-1"]
[Termination "normal"]
[Board "42"]
[WhiteElo "1269"]
[BlackElo "1589"]
[PlyCount "100"]
[WhiteFideId "24661570"]
[BlackFideId "12900184"]
[EventCountry "GER"]
[EventRounds "9"]
[EventType "swiss"]
[EventDate "2009.05.30"]

1. e4 e5 2. Nf3 Nc6 3. Bc4 Bc5 4. Nc3 d6 5. d3 h6 6. Be3 Bxe3 7. fxe3 Na5 8.
Nd2 Ne7 9. O-O Nxc4 10. Nxc4 Be6 11. Nd2 Ng6 12. Nf3 c6 13. Ne2 O-O 14. Qe1 Qb6
15. Qc1 f5 16. exf5 Rxf5 17. Kh1 Raf8 18. e4 R5f7 19. Ng3 Bg4 20. Nd2 Rxf1+ 21.
Ndxf1 Nf4 22. b3 Qf2 23. Ne3 Ne2 24. Nxe2 Qxe2 25. Nxg4 Qxg4 26. Qe3 a6 27. Re1
h5 28. c3 h4 29. h3 Qg3 30. Qxg3 hxg3 31. Kg1 Rf2 32. d4 Rxa2 33. dxe5 dxe5 34.
Kf1 Rf2+ 35. Kg1 Rb2 36. Rd1 Rxb3 37. Kf1 Rxc3 38. Rd8+ Kh7 39. Rd7 b6 40. Rb7
b5 41. Ra7 Kg6 42. Rxa6 Kg5 43. Ra7 g6 44. Rf7 Rc1+ 45. Ke2 Rc2+ 46. Kf1 Rf2+
47. Rxf2 gxf2 48. Kxf2 Kf4 49. g4 g5 50. Ke2 Kxe4 0-1

[Event "6. ODEM U25 2009"]
[Site "Willingen GER"]
[Date "2009.05.31"]
[Round "2"]
[White "Sasse, Fabius"]
[Black "Kuckling, Linus"]
[Result "1-0"]
[Termination "normal"]
[Board "43"]
[WhiteElo "1579"]
[BlackElo "1197"]
[PlyCount "49"]
[WhiteFideId "24659657"]
[BlackFideId "24658243"]
[EventCountry "GER"]
[EventRounds "9"]
[EventType "swiss"]
[EventDate "2009.05.30"]

1. Nf3 Nc6 2. e4 e5 3. Bc4 Nf6 4. d3 Bc5 5. Nc3 O-O 6. Bg5 d6 7. Nd5 Bg4 8. h3
Bh5 9. Nxf6+ gxf6 10. Bh6 Re8 11. Qd2 Nd4 12. Nxd4 Bxd4 13. c3 Bc5 14. g4 Bg6
15. h4 Qd7 16. h5 Qxg4 17. hxg6 Qxg6 18. O-O-O f5 19. Rdg1 fxe4 20. Rxg6+ hxg6
21. Qg5 Kh7 22. Bf8+ Kg8 23. Qh6 Be3+ 24. fxe3 exd3 25. Qg7# 1-0

[Event "6. ODEM U25 2009"]
[Site "Willingen GER"]
[Date "2009.05.31"]
[Round "2"]
[White "Nobis, Philipp"]
[Black "Kuckling, Jonas"]
[Result "0-1"]
[Termination "normal"]
[Board "44"]
[WhiteElo "1261"]
[BlackElo "1539"]
[PlyCount "60"]
[WhiteFideId "24602183"]
[BlackFideId "24603856"]
[EventCountry "GER"]
[EventRounds "9"]
[EventType "swiss"]
[EventDate "2009.05.30"]

1. e4 c5 2. Nf3 e6 3. d4 cxd4 4. Nxd4 a6 5. Nc3 Qc7 6. Be2 Nf6 7. a3 Be7 8. O-O
O-O 9. Be3 d6 10. Kh1 Nbd7 11. f4 b5 12. Qe1 Bb7 13. Bf3 Nc5 14. e5 Nfe4 15.
Nxe4 Nxe4 16. exd6 Bxd6 17. Rc1 Nf6 18. Bxb7 Qxb7 19. Qd2 Rfd8 20. Rcd1 Rac8
21. f5 e5 22. Nf3 Ne4 23. Qd3 h6 24. Nd2 Nxd2 25. Qxd2 Qc7 26. f6 Bxa3 27. Qf2
Rxd1 28. Rxd1 Bf8 29. Qg3 Qxc2 30. Rc1 Qxc1+ 0-1

[Event "6. ODEM U25 2009"]
[Site "Willingen GER"]
[Date "2009.05.31"]
[Round "2"]
[White "Alt, Elisabeth"]
[Black "Valet, Alexander"]
[Result "0-1"]
[Termination "normal"]
[Board "45"]
[WhiteElo "1257"]
[BlackElo "1550"]
[PlyCount "88"]
[WhiteFideId "24692620"]
[BlackFideId "24682560"]
[EventCountry "GER"]
[EventRounds "9"]
[EventType "swiss"]
[EventDate "2009.05.30"]

1. e4 d5 2. exd5 Qxd5 3. Nc3 Qa5 4. d4 c6 5. Nf3 Bf5 6. Be2 e6 7. O-O Nf6 8.
Bf4 Qd8 9. Rc1 Bd6 10. Qd2 Qc7 11. Bxd6 Qxd6 12. Rfe1 Nbd7 13. h3 h6 14. Nh4
Bh7 15. Bd3 Bxd3 16. Qxd3 O-O-O 17. Nf3 g5 18. Ne5 Nxe5 19. dxe5 Qxd3 20. cxd3
Nd5 21. Nb5 Nb4 22. Nd6+ Rxd6 23. exd6 Nxd3 24. d7+ Kc7 25. Red1 Nxc1 26. Rxc1
Rd8 27. f3 Rxd7 28. Rc2 Rd5 29. Rf2 Kd6 30. f4 Rf5 31. Rd2+ Ke7 32. fxg5 Rxg5
33. g4 h5 34. Rg2 hxg4 35. hxg4 f5 36. gxf5 Rxg2+ 37. Kxg2 exf5 38. Kf3 Ke6 39.
Kf4 c5 40. b3 b5 41. a3 a5 42. Kf3 Ke5 43. Ke3 c4 44. bxc4 bxc4 0-1

[Event "6. ODEM U25 2009"]
[Site "Willingen GER"]
[Date "2009.05.31"]
[Round "2"]
[White "Triantafillidis, Katherina"]
[Black "Holle, Eric"]
[Result "0-1"]
[Termination "normal"]
[Board "46"]
[WhiteElo "1221"]
[BlackElo "1735"]
[PlyCount "130"]
[WhiteFideId "24692409"]
[BlackFideId "4624610"]
[EventCountry "GER"]
[EventRounds "9"]
[EventType "swiss"]
[EventDate "2009.05.30"]

1. e4 e6 2. Nf3 d5 3. exd5 exd5 4. d4 Bd6 5. Nc3 Ne7 6. Bb5+ c6 7. Be2 O-O 8.
O-O Qc7 9. g3 f5 10. Re1 f4 11. Ne5 fxg3 12. hxg3 Bxe5 13. dxe5 Qxe5 14. Bg4
Bxg4 15. Rxe5 Bxd1 16. Rxe7 Bxc2 17. Rxb7 Rf7 18. Rxf7 Kxf7 19. Bf4 Nd7 20. Rc1
Bf5 21. a3 Re8 22. Be3 a6 23. Bf4 Ne5 24. Bxe5 Rxe5 25. Na2 d4 26. Rxc6 Re1+
27. Kh2 a5 28. Rd6 Bb1 29. Rxd4 Bxa2 30. Rd2 Be6 31. b4 axb4 32. axb4 Rb1 33.
Rd4 Kf6 34. Kg2 Ke5 35. Rh4 Bd5+ 36. Kh3 Rh1+ 37. Kg4 Rxh4+ 38. Kxh4 Bc6 39.
Kg5 Bd7 40. f4+ Kd4 41. f5 Ke4 42. f6 gxf6+ 43. Kxf6 Kd4 44. Kg5 Bb5 45. Kh6
Bd3 46. g4 Kc4 47. g5 Kxb4 48. Kh5 Kc5 49. Kh6 Kd6 50. Kh5 Ke7 51. Kh6 Kf8 52.
Kh5 Kg7 53. Kh4 Kg6 54. Kg4 Bc2 55. Kh4 Bd1 56. Kh3 Kxg5 57. Kg3 h5 58. Kh3 Kf4
59. Kh4 Ke3 60. Kg3 Bf3 61. Kh3 Kf2 62. Kh2 Bg4 63. Kh1 Kg3 64. Kg1 Bf3 65. Kf1
h4 0-1

[Event "6. ODEM U25 2009"]
[Site "Willingen GER"]
[Date "2009.05.31"]
[Round "2"]
[White "Wang, Julia"]
[Black "Reksten, Lisa"]
[Result "1-0"]
[Termination "normal"]
[Board "47"]
[WhiteElo "1506"]
[BlackElo "1141"]
[PlyCount "61"]
[WhiteFideId "24692565"]
[EventCountry "GER"]
[EventRounds "9"]
[EventType "swiss"]
[EventDate "2009.05.30"]

1. e4 e5 2. f4 exf4 3. Nf3 Nf6 4. Nc3 Bb4 5. e5 Qe7 6. Bc4 O-O 7. O-O Ng4 8. d4
d6 9. Bxf4 dxe5 10. Nd5 Qd6 11. Nxe5 Nxe5 12. Bxe5 Qc6 13. Bb3 Bd6 14. Bxd6
Qxd6 15. Qe2 Nc6 16. c3 Be6 17. Qh5 Ne7 18. Nxe7+ Qxe7 19. Rae1 Qd7 20. d5 Bg4
21. Qh4 Bf5 22. Re7 Qc8 23. Rfe1 Bg6 24. Qg3 h6 25. Rxc7 Qb8 26. d6 Rd8 27.
Qxg6 Rf8 28. Rxf7 Rxf7 29. Bxf7+ Kf8 30. d7 Qc7 31. Re8+ 1-0

[Event "6. ODEM U25 2009"]
[Site "Willingen GER"]
[Date "2009.05.31"]
[Round "2"]
[White "Rosenberger, Andreas"]
[Black "Michels, Till"]
[Result "1-0"]
[Termination "normal"]
[Board "49"]
[WhiteElo "1478"]
[BlackElo "968"]
[PlyCount "79"]
[WhiteFideId "12900192"]
[EventCountry "GER"]
[EventRounds "9"]
[EventType "swiss"]
[EventDate "2009.05.30"]

1. e4 e5 2. Nf3 Nc6 3. Bb5 a6 4. Bc4 Nf6 5. Nc3 d6 6. O-O Bg4 7. h3 Bh5 8. b3
Nd4 9. d3 c6 10. b4 d5 11. exd5 cxd5 12. Bb3 Bxb4 13. Bb2 Nxb3 14. axb3 e4 15.
Qe2 Qe7 16. g4 Bg6 17. dxe4 dxe4 18. Nd4 Qc5 19. Nf5 Bxf5 20. gxf5 O-O 21. Nxe4
Qxf5 22. Nxf6+ gxf6 23. Qg4+ Qxg4+ 24. hxg4 Kh8 25. Bxf6+ Kg8 26. Rad1 Ba5 27.
Rd5 h6 28. Rxa5 Kh7 29. Kg2 b6 30. Rf5 Rg8 31. f3 h5 32. Rh1 Rg6 33. Rhxh5+ Rh6
34. Rxh6+ Kxh6 35. Bd4 b5 36. Rxf7 Rd8 37. Rf6+ Kg5 38. Be5 Rd2+ 39. Kg3 Rxc2
40. f4# 1-0

[Event "6. ODEM U25 2009"]
[Site "Willingen GER"]
[Date "2009.05.31"]
[Round "2"]
[White "Röhlich, Philipp"]
[Black "Rummer, Bärbel"]
[Result "1-0"]
[Termination "normal"]
[Board "50"]
[WhiteElo "1043"]
[BlackElo "1476"]
[PlyCount "71"]
[WhiteFideId "24692832"]
[BlackFideId "12900109"]
[EventCountry "GER"]
[EventRounds "9"]
[EventType "swiss"]
[EventDate "2009.05.30"]

1. e4 e5 2. Nf3 Nc6 3. Bc4 Bc5 4. c3 Nf6 5. d4 exd4 6. cxd4 Bb4+ 7. Nc3 Nxe4 8.
O-O Bxc3 9. d5 Ne7 10. bxc3 d6 11. Re1 Nc5 12. Qe2 Bg4 13. Bb5+ Nd7 14. Bg5 f6
15. Bh4 a6 16. Bxd7+ Qxd7 17. Qe3 g5 18. Nxg5 fxg5 19. Bxg5 O-O-O 20. Qxe7 Qxe7
21. Rxe7 Rdf8 22. Rae1 h6 23. Bh4 Rhg8 24. Rh7 Bf3 25. g3 Bxd5 26. Ree7 c5 27.
Rxh6 Bxa2 28. Rxd6 Rf5 29. Rdd7 Bd5 30. Rc7+ Kb8 31. Rxc5 b6 32. Rcc7 Rgf8 33.
g4 Rf4 34. Bg3 R4f5 35. Rb7+ Kc8 36. Rb8# 1-0

[Event "6. ODEM U25 2009"]
[Site "Willingen GER"]
[Date "2009.05.31"]
[Round "2"]
[White "Lebeda, Lukas"]
[Black "Batora, Manuel"]
[Result "1-0"]
[Termination "normal"]
[Board "51"]
[WhiteElo "1710"]
[BlackElo "900"]
[PlyCount "67"]
[BlackFideId "12900230"]
[EventCountry "GER"]
[EventRounds "9"]
[EventType "swiss"]
[EventDate "2009.05.30"]

1. c4 c6 2. Nc3 d5 3. d4 Nf6 4. Nf3 Bg4 5. Bg5 Ne4 6. Bf4 e6 7. h3 Bh5 8. e3
Bb4 9. Qc2 O-O 10. Nd2 Nxd2 11. Qxd2 Nd7 12. c5 Qf6 13. a3 Ba5 14. b4 Bd8 15.
Bd6 Re8 16. f4 Be7 17. Bxe7 Rxe7 18. g4 Bg6 19. Rd1 Qh4+ 20. Qf2 Qxf2+ 21. Kxf2
b6 22. Bd3 Bxd3 23. Rxd3 a5 24. Kf3 axb4 25. axb4 Ra3 26. Nxd5 Rxd3 27. Nxe7+
Kf8 28. Nxc6 bxc5 29. Ra1 g6 30. bxc5 Rc3 31. Ra7 Nxc5 32. dxc5 Rxc5 33. Ne5 f6
34. Nd7+ 1-0

[Event "6. ODEM U25 2009"]
[Site "Willingen GER"]
[Date "2009.05.31"]
[Round "2"]
[White "Triantafillidis, Zoe"]
[Black "Weißbeck, Joachim Daniel"]
[Result "0-1"]
[Termination "normal"]
[Board "52"]
[WhiteElo "923"]
[BlackElo "1755"]
[PlyCount "71"]
[WhiteFideId "12900150"]
[BlackFideId "4639227"]
[EventCountry "GER"]
[EventRounds "9"]
[EventType "swiss"]
[EventDate "2009.05.30"]

1. e4 e5 2. Nf3 Nf6 3. Nc3 Bb4 4. Bd3 Nc6 5. a3 Be7 6. Bc4 O-O 7. d3 d6 8. h3
b6 9. Bg5 Bb7 10. O-O a6 11. Bxf6 Bxf6 12. Bd5 Rb8 13. Bxc6 Bxc6 14. b3 Bb7 15.
a4 c6 16. Ne2 d5 17. Nc3 Re8 18. Qe2 Qd6 19. Qe3 d4 20. Qd2 dxc3 21. Qxc3 c5
22. Qd2 b5 23. axb5 axb5 24. c3 Ra8 25. Qb2 Qxd3 26. Rfe1 Bxe4 27. Re3 Rxa1+
28. Qxa1 Qb1+ 29. Qxb1 Bxb1 30. Re1 Bc2 31. b4 cxb4 32. cxb4 e4 33. Nh2 Bd3 34.
f3 Kf8 35. fxe4 Rxe4 36. Rxe4 0-1

[Event "6. ODEM U25 2009"]
[Site "Willingen GER"]
[Date "2009.05.31"]
[Round "2"]
[White "Eichstaedt, Ina"]
[Black "Kulling, Markus"]
[Result "0-1"]
[Termination "normal"]
[Board "53"]
[WhiteElo "887"]
[BlackElo "1451"]
[PlyCount "110"]
[WhiteFideId "1270265"]
[BlackFideId "24698911"]
[EventCountry "GER"]
[EventRounds "9"]
[EventType "swiss"]
[EventDate "2009.05.30"]

1. e4 e6 2. Nc3 d5 3. d4 dxe4 4. Nxe4 Nd7 5. Nf3 Ngf6 6. Bd3 Nxe4 7. Bxe4 Nf6
8. Bg5 Be7 9. Bd3 O-O 10. O-O Qe8 11. Ne5 Bd7 12. Bxf6 Bxf6 13. Qh5 h6 14. Rfe1
Bc6 15. Re3 Bg5 16. Rg3 g6 17. Qg4 f5 18. Qh3 Rd8 19. f4 Bxf4 20. Rxg6+ Kh7 21.
Qh5 Be3+ 22. Kf1 Rxd4 23. Qh3 Bf4 24. g3 Rg8 25. Qh5 Rxg6 26. Nxg6 Qxg6 27.
Qxg6+ Kxg6 28. gxf4 Rxf4+ 29. Ke2 Rg4 30. h3 Rg2+ 31. Kf1 Rh2 32. Re1 Rh1+ 33.
Kf2 Rxe1 34. Kxe1 Kg5 35. Bc4 Bd5 36. Bxd5 exd5 37. Kf2 Kf4 38. a4 c5 39. Ke2
Kg3 40. Kd3 Kxh3 41. c4 d4 42. b3 Kg3 43. a5 f4 44. a6 b6 45. b4 f3 46. b5 f2
47. Ke4 f1=Q 48. Kd5 Qf5+ 49. Kc6 Qe6+ 50. Kb7 Qd7+ 51. Kb8 d3 52. Ka8 d2 53.
Kb8 d1=R 54. Ka8 Re1 55. Kb8 Re8# 0-1

[Event "6. ODEM U25 2009"]
[Site "Willingen GER"]
[Date "2009.05.31"]
[Round "2"]
[White "Schirra, Felix"]
[Black "Holle, Niklas"]
[Result "1-0"]
[Termination "normal"]
[Board "54"]
[WhiteElo "1440"]
[BlackElo "795"]
[PlyCount "101"]
[WhiteFideId "24692662"]
[EventCountry "GER"]
[EventRounds "9"]
[EventType "swiss"]
[EventDate "2009.05.30"]

1. e4 e5 2. Nf3 Nc6 3. d4 exd4 4. Nxd4 Qf6 5. Nxc6 Qxc6 6. Nc3 Nf6 7. Bd3 Bc5
8. O-O O-O 9. Nd5 Nxd5 10. exd5 Qf6 11. c4 d6 12. Rb1 Bf5 13. b3 Qg6 14. Bxf5
Qxf5 15. Bb2 Rae8 16. Qd2 Re4 17. Rbe1 Rxe1 18. Rxe1 c6 19. dxc6 bxc6 20. Bd4
Ra8 21. Bxc5 Qxc5 22. g3 a5 23. Qe3 Qxe3 24. Rxe3 g6 25. Re7 a4 26. b4 Rb8 27.
a3 d5 28. cxd5 cxd5 29. Rd7 Rb5 30. Kf1 Kf8 31. Ke2 Ke8 32. Ra7 Rb6 33. Rxa4
Rd6 34. Kd3 Ke7 35. Ra7+ Ke6 36. f4 h6 37. b5 g5 38. Ra6 gxf4 39. gxf4 f5 40.
Kd4 Kd7 41. Rxd6+ Kxd6 42. a4 Kc7 43. a5 Kb7 44. Kxd5 Ka7 45. Ke5 Kb7 46. Kxf5
Ka7 47. Kg6 Kb7 48. f5 Ka7 49. f6 Kb7 50. f7 Ka7 51. f8=Q 1-0

[Event "6. ODEM U25 2009"]
[Site "Willingen GER"]
[Date "2009.05.31"]
[Round "2"]
[White "Polert, Jesper"]
[Black "Rummer, Evi"]
[Result "0-1"]
[Termination "normal"]
[Board "55"]
[WhiteElo "779"]
[BlackElo "1439"]
[PlyCount "62"]
[BlackFideId "12900117"]
[EventCountry "GER"]
[EventRounds "9"]
[EventType "swiss"]
[EventDate "2009.05.30"]

1. e4 e5 2. Nf3 Nc6 3. Bc4 Bc5 4. Nc3 d6 5. d3 Nf6 6. Bg5 Be6 7. Bxe6 fxe6 8.
O-O O-O 9. Na4 Nd4 10. Nxc5 dxc5 11. c3 Nxf3+ 12. Qxf3 Qe8 13. Bxf6 Rxf6 14.
Qg3 Qh5 15. Rae1 Raf8 16. f3 Rg6 17. Qf2 b6 18. b4 Rh6 19. h3 Rg6 20. bxc5 Qxh3
21. cxb6 axb6 22. Re3 Rf4 23. Rfe1 Rh4 24. Kf1 Qh2 25. a4 Qf4 26. d4 Rh1+ 27.
Ke2 Rh2 28. dxe5 Rhxg2 29. Qxg2 Rxg2+ 30. Kf1 Qh2 31. f4 Qg1# 0-1

[Event "6. ODEM U25 2009"]
[Site "Willingen GER"]
[Date "2009.06.01"]
[Round "3"]
[White "Figura, Atila Gajo"]
[Black "Müller, Denis"]
[Result "1-0"]
[Termination "normal"]
[Board "1"]
[WhiteTitle "FM"]
[WhiteElo "2417"]
[BlackElo "1934"]
[PlyCount "39"]
[WhiteFideId "4688058"]
[BlackFideId "4696140"]
[EventCountry "GER"]
[EventRounds "9"]
[EventType "swiss"]
[EventDate "2009.05.30"]

1. d4 Nf6 2. c4 g6 3. Nc3 Bg7 4. e4 d6 5. Nf3 O-O 6. Be2 e5 7. Be3 Ng4 8. Bg5
f6 9. Bc1 Nc6 10. d5 Nb8 11. h3 Nh6 12. h4 Nf7 13. h5 f5 14. hxg6 hxg6 15. Nh4
Qf6 16. exf5 gxf5 17. g4 fxg4 18. Ne4 Qd8 19. Bxg4 Nd7 20. Be6 1-0

[Event "6. ODEM U25 2009"]
[Site "Willingen GER"]
[Date "2009.06.01"]
[Round "3"]
[White "Coenen, Michael"]
[Black "Thananbalasingam, Ajandhan"]
[Result "1-0"]
[Termination "normal"]
[Board "2"]
[WhiteElo "2260"]
[BlackElo "1926"]
[PlyCount "37"]
[WhiteFideId "4697367"]
[EventCountry "GER"]
[EventRounds "9"]
[EventType "swiss"]
[EventDate "2009.05.30"]

1. e4 c5 2. Nf3 d6 3. d4 cxd4 4. Nxd4 Nf6 5. Nc3 a6 6. Bg5 e6 7. f4 Qc7 8. Qf3
b5 9. a3 Nbd7 10. O-O-O Bb7 11. g4 d5 12. e5 Ne4 13. Nxe4 dxe4 14. Qe3 h6 15.
Bh4 Nb6 16. Nxb5 axb5 17. Bxb5+ Bc6 18. Qc3 Rc8 19. Qxc6+ 1-0

[Event "6. ODEM U25 2009"]
[Site "Willingen GER"]
[Date "2009.06.01"]
[Round "3"]
[White "Neitzel, Mirko"]
[Black "Siebarth, Raiko"]
[Result "0-1"]
[Termination "normal"]
[Board "3"]
[WhiteElo "1810"]
[BlackElo "2246"]
[PlyCount "54"]
[WhiteFideId "24657298"]
[BlackFideId "4674766"]
[EventCountry "GER"]
[EventRounds "9"]
[EventType "swiss"]
[EventDate "2009.05.30"]

1. c4 Nf6 2. g3 g6 3. Bg2 Bg7 4. Nc3 O-O 5. Nf3 d6 6. O-O Nc6 7. d3 h6 8. Rb1
e5 9. b4 Be6 10. b5 Ne7 11. Qb3 Nd7 12. Ba3 f5 13. Nd2 Qc8 14. Rfc1 f4 15. Qc2
fxg3 16. hxg3 Nf5 17. Nb3 Kh7 18. Nd5 a5 19. e3 Qd8 20. c5 a4 21. Nd2 dxc5 22.
Bxc5 Nxc5 23. Qxc5 b6 24. Qxc7 Bxd5 25. Qxd8 Rfxd8 26. e4 Bxa2 27. Rb2 Nd4 0-1

[Event "6. ODEM U25 2009"]
[Site "Willingen GER"]
[Date "2009.06.01"]
[Round "3"]
[White "Zhou, Syang"]
[Black "Müller, Philipp"]
[Result "1-0"]
[Termination "normal"]
[Board "4"]
[WhiteElo "2090"]
[BlackElo "1870"]
[PlyCount "43"]
[WhiteFideId "24636126"]
[BlackFideId "24683701"]
[EventCountry "GER"]
[EventRounds "9"]
[EventType "swiss"]
[EventDate "2009.05.30"]

1. e4 e6 2. d4 d5 3. Nc3 Nf6 4. e5 Nfd7 5. f4 c5 6. Nf3 Nc6 7. Be3 Qb6 8. Na4
Qa5+ 9. c3 cxd4 10. b4 Qc7 11. Nxd4 Nxd4 12. Bxd4 Be7 13. Bd3 O-O 14. O-O f5
15. exf6 Bxf6 16. Nc5 Bxd4+ 17. cxd4 Nxc5 18. bxc5 Rxf4 19. Qh5 g6 20. Bxg6
Rxf1+ 21. Rxf1 Qg7 22. Bxh7+ 1-0

[Event "6. ODEM U25 2009"]
[Site "Willingen GER"]
[Date "2009.06.01"]
[Round "3"]
[White "Kropman, Alexei"]
[Black "Erben, Larissa"]
[Result "0-1"]
[Termination "normal"]
[Board "5"]
[WhiteElo "1964"]
[BlackElo "2040"]
[PlyCount "78"]
[WhiteFideId "24670723"]
[BlackFideId "24634590"]
[EventCountry "GER"]
[EventRounds "9"]
[EventType "swiss"]
[EventDate "2009.05.30"]

1. e4 c5 2. Nf3 e6 3. d4 cxd4 4. Nxd4 Nc6 5. Nc3 Qc7 6. Be3 a6 7. Be2 Nf6 8.
O-O Bb4 9. Nxc6 bxc6 10. Qd4 Bxc3 11. bxc3 O-O 12. e5 Nd5 13. c4 Nxe3 14. fxe3
c5 15. Qd6 Qxd6 16. exd6 Bb7 17. Rab1 Be4 18. Bd3 Bc6 19. Rb6 Rfb8 20. Rfb1
Rxb6 21. Rxb6 f5 22. Be2 e5 23. g4 g6 24. gxf5 gxf5 25. Bd3 e4 26. Bf1 Kf7 27.
Bh3 Ke6 28. Rb1 Rg8+ 29. Kh1 Ke5 30. Rf1 Rg5 31. Rf2 Ba4 32. Rd2 Bc6 33. Rf2 h6
34. a3 a5 35. Rf1 Bb7 36. Rf2 Ba6 37. Bf1 Kxd6 38. Rd2+ Ke6 39. Rd5 d6 0-1

[Event "6. ODEM U25 2009"]
[Site "Willingen GER"]
[Date "2009.06.01"]
[Round "3"]
[White "Werner, Patrick"]
[Black "Wurm, Alexander"]
[Result "0-1"]
[Termination "normal"]
[Board "6"]
[WhiteElo "1872"]
[BlackElo "2055"]
[PlyCount "70"]
[WhiteFideId "24601608"]
[BlackFideId "24637246"]
[EventCountry "GER"]
[EventRounds "9"]
[EventType "swiss"]
[EventDate "2009.05.30"]

1. d4 Nf6 2. c4 c5 3. d5 e6 4. Nc3 exd5 5. cxd5 d6 6. e4 g6 7. f4 Bg7 8. Bb5+
Nfd7 9. a4 O-O 10. Nf3 Na6 11. O-O Nc7 12. Bd3 Rb8 13. Re1 Re8 14. Nd2 a6 15.
Nc4 Nf6 16. a5 Ng4 17. g3 Bd4+ 18. Kg2 Nf2 19. Qd2 Bh3+ 20. Kf3 Qd7 21. Ne3 Ng4
22. Qc2 b5 23. axb6 Rxb6 24. Bf1 Bxf1 25. Nxf1 Reb8 26. h3 Nf6 27. Ra2 Qxh3 28.
Ne3 Rb3 29. Nc4 Qg4+ 30. Kg2 Nh5 31. Qd3 Nb5 32. Qf3 Qxf3+ 33. Kxf3 Nxc3 34.
bxc3 Rxc3+ 35. Ne3 Rb1 0-1

[Event "6. ODEM U25 2009"]
[Site "Willingen GER"]
[Date "2009.06.01"]
[Round "3"]
[White "Wild, Achim"]
[Black "Seidler, Lukas"]
[Result "1/2-1/2"]
[Termination "normal"]
[Board "7"]
[WhiteElo "1947"]
[BlackElo "1805"]
[PlyCount "94"]
[WhiteFideId "4658728"]
[BlackFideId "12900095"]
[EventCountry "GER"]
[EventRounds "9"]
[EventType "swiss"]
[EventDate "2009.05.30"]

1. e4 c5 2. c3 e6 3. d4 d5 4. exd5 exd5 5. Nf3 Nc6 6. Bb5 Bd6 7. dxc5 Bxc5 8.
O-O Nge7 9. Nbd2 O-O 10. Nb3 Bd6 11. Bd3 Ne5 12. Nxe5 Bxe5 13. Bxh7+ Kxh7 14.
Qh5+ Kg8 15. Qxe5 Ng6 16. Qg5 Be6 17. Qxd8 Rfxd8 18. Re1 Bd7 19. Nd4 Re8 20.
Rxe8+ Rxe8 21. Bd2 Ne5 22. Re1 Kf8 23. h3 a6 24. b3 Nc6 25. Rxe8+ Kxe8 26. Nf3
Bf5 27. Be3 Bb1 28. a3 Bc2 29. b4 f6 30. Bd4 Kf7 31. Ne1 Bh7 32. f4 Be4 33. a4
b5 34. axb5 axb5 35. Kf2 Ke6 36. Ke3 g6 37. Nf3 Bxf3 38. Kxf3 f5 39. Kg3 Nd8
40. Kh4 Nf7 41. Bg7 Nd6 42. Kg5 Kf7 43. Kh6 Ne4 44. g4 fxg4 45. hxg4 Nf2 46. g5
Ng4+ 47. Kh7 Ne3 1/2-1/2